[Event "G7, gruppe 2"]
[Site "Skorping"]
[Date "2017.04.11"]
[Round "1"]
[White "Petersen, Frank Gjerning"]
[Black "Poulsen, Peter Risgaard"]
[Result "0-1"]
[WhiteElo "1797"]
[BlackElo "1920"]
[PlyCount "94"]
[EventDate "2017.04.11"]

1. e4 d6 2. Bc4 Nf6 3. d3 e5 4. Nf3 h6 5. c3 c6 6. Nbd2 b5 7. Bb3 Be7 8. h3
Nbd7 9. Nf1 Nc5 10. Bc2 Ne6 11. g3 a5 12. Ne3 g6 13. d4 Qc7 14. h4 Ng7 15. Nh2
h5 16. a3 Bd7 17. Bd2 Qa7 18. Qf3 Qc7 19. Bb3 Ne6 20. Nc2 Qa7 21. Bg5 Ng8 22.
Be3 Qc7 23. d5 Nd8 24. Nf1 c5 25. Nd2 c4 26. Ba2 Nb7 27. Qe2 Nh6 28. f4 Ng4 29.
Bg1 Nc5 30. O-O-O Nd3+ 31. Kb1 exf4 32. gxf4 Nxf4 33. Qe1 Nd3 34. Qg3 Bf6 35.
Nf3 b4 36. Ncd4 Be5 37. Nxe5 Ndxe5 38. cxb4 axb4 39. Rc1 O-O 40. Ne2 bxa3 41.
Bd4 axb2 42. Bxb2 Rfb8 43. Qc3 Nf2 44. Rhf1 Nxe4 45. Qd4 Bf5 46. Rxf5 gxf5 47.
Nf4 Qb6 0-1

[Event "G7, gruppe 2"]
[Site "Skorping"]
[Date "2017.04.11"]
[Round "1"]
[White "Falberg, Hugo"]
[Black "Schoning, Lars"]
[Result "1/2-1/2"]
[WhiteElo "1848"]
[BlackElo "1862"]
[PlyCount "31"]
[EventDate "2017.04.11"]

1. f4 Nf6 2. Nf3 d6 3. d4 g6 4. Nc3 Bg7 5. e4 O-O 6. Be3 Ng4 7. Bg1 c5 8. Be2
cxd4 9. Nxd4 Nf6 10. g4 Nc6 11. g5 Nd7 12. h4 Nxd4 13. Bxd4 Bxd4 14. Qxd4 Qb6
15. O-O-O Qxd4 16. Rxd4 1/2-1/2

[Event "G7, gruppe 2"]
[Site "Skorping"]
[Date "2017.04.11"]
[Round "1"]
[White "Johansen, Johnny Holler"]
[Black "Jorgensen, Palle Halkier"]
[Result "0-1"]
[WhiteElo "1880"]
[BlackElo "1812"]
[PlyCount "102"]
[EventDate "2017.04.11"]

1. e4 c5 2. Nf3 d6 3. d4 cxd4 4. Nxd4 g6 5. Nc3 Bg7 6. Be3 Bd7 7. f3 Nf6 8. Qd2
a6 9. Bh6 O-O 10. h4 Nc6 11. Bxg7 Kxg7 12. h5 Rh8 13. O-O-O Rc8 14. Nxc6 Rxc6
15. h6+ Kf8 16. g4 Be6 17. Nd5 Bxd5 18. exd5 Rc5 19. Qf4 Qc7 20. Rh2 Qa5 21.
Bc4 Qb4 22. b3 b5 23. g5 Nxd5 24. Qd4 e5 25. Qe4 bxc4 26. Rxd5 Rxd5 27. Qxd5
Qe1+ 28. Kb2 c3+ 29. Ka3 Ke7 30. Qb7+ Ke6 31. Qxa6 Qc1+ 32. Ka4 Qf4+ 33. Ka5
Rb8 34. a3 Qxf3 35. Qc4+ Qd5+ 36. Qxd5+ Kxd5 37. Rh3 e4 38. Rxc3 Re8 39. Re3
Kd4 40. Re1 Kc3 41. Re2 d5 42. Kb5 d4 43. Kc6 d3 44. cxd3 Kxd3 45. Rg2 e3 46.
b4 e2 47. Rxe2 Kxe2 48. a4 Kd3 49. a5 Re6+ 50. Kd5 Kc3 51. b5 Kb4 0-1

[Event "G7, gruppe 2"]
[Site "Skorping"]
[Date "2017.04.11"]
[Round "1"]
[White "Winther, Bjarke Rosenborg"]
[Black "Pedersen, Lars Wisler"]
[Result "1/2-1/2"]
[WhiteElo "1768"]
[BlackElo "1873"]
[PlyCount "46"]
[EventDate "2017.04.11"]

1. e4 c5 2. Nf3 Nc6 3. d4 cxd4 4. Nxd4 e5 5. Nb5 a6 6. Nd6+ Bxd6 7. Qxd6 Qf6 8.
Qd2 Qg6 9. Nc3 Nge7 10. Qg5 Nb4 11. Qxg6 hxg6 12. Kd1 d5 13. a3 d4 14. axb4
dxc3 15. bxc3 Be6 16. Bd3 O-O-O 17. Ke2 f6 18. Be3 g5 19. b5 axb5 20. Bxb5 Kc7
21. Bc5 Nc8 22. h3 Nd6 23. Bd3 Ra8 1/2-1/2

[Event "G7, gruppe 2"]
[Site "Skorping"]
[Date "2017.04.11"]
[Round "1"]
[White "Moller, Birger Poul"]
[Black "Rasmussen, Henning"]
[Result "1-0"]
[WhiteElo "1835"]
[BlackElo "1784"]
[PlyCount "85"]
[EventDate "2017.04.11"]

1. e4 c6 2. d4 d5 3. e5 Bf5 4. Nf3 e6 5. Be2 h6 6. O-O c5 7. c4 dxc4 8. Bxc4
Nc6 9. d5 exd5 10. Bxd5 Nge7 11. Bc4 Qxd1 12. Rxd1 Be6 13. Na3 Bxc4 14. Nxc4
Nf5 15. g4 Nfd4 16. Nxd4 Nxd4 17. Be3 Nc2 18. Rac1 Nxe3 19. Nxe3 Be7 20. Nf5 g6
21. Nxe7 Kxe7 22. Rxc5 Rac8 23. Rdc1 Rcd8 24. Rc7+ Rd7 25. f4 Rhd8 26. f5 gxf5
27. Rxd7+ Rxd7 28. gxf5 Kd8 29. Rc2 Rd5 30. Re2 f6 31. exf6 Rxf5 32. Re7 Rxf6
33. Rxb7 a6 34. Kg2 Kc8 35. Re7 Rb6 36. b3 Rc6 37. Re2 Kb7 38. Kg3 a5 39. Kg4
a4 40. bxa4 Rc4+ 41. Kh5 Rxa4 42. Kxh6 Kc7 43. Rd2 1-0

[Event "G7, gruppe 2"]
[Site "Skorping"]
[Date "2017.04.11"]
[Round "1"]
[White "Gottschalck, Christian"]
[Black "Rasmussen, Johnny Koust"]
[Result "1/2-1/2"]
[WhiteElo "1725"]
[BlackElo "1867"]
[PlyCount "55"]
[EventDate "2017.04.11"]

1. e4 e5 2. Nf3 Nc6 3. d4 exd4 4. Bc4 Nf6 5. O-O Nxe4 6. Re1 d5 7. Bxd5 Qxd5 8.
Nc3 Qa5 9. Rxe4+ Be6 10. Ne2 O-O-O 11. Nexd4 Bd5 12. Bd2 Qb6 13. Nxc6 Bxc6 14.
Rf4 f6 15. c3 Bxf3 16. gxf3 Bc5 17. Qc2 Bxf2+ 18. Kg2 Be3 19. Bxe3 Qxe3 20. Rd4
Rxd4 21. cxd4 Qxd4 22. Rd1 Qe5 23. Qd3 Qe7 24. Qf5+ Kb8 25. Rd7 Qe2+ 26. Kg3 h5
27. Qxh5 Qe1+ 28. Kg2 1/2-1/2

[Event "G7, gruppe 2"]
[Site "Skorping"]
[Date "2017.04.12"]
[Round "2"]
[White "Poulsen, Peter Risgaard"]
[Black "Moller, Birger Poul"]
[Result "1-0"]
[WhiteElo "1920"]
[BlackElo "1835"]
[PlyCount "54"]
[EventDate "2017.04.11"]

1. d4 Nf6 2. Bf4 c5 3. d5 d6 4. Nc3 e5 5. Bg3 Be7 6. e4 O-O 7. f3 Nh5 8. Bf2 g6
9. g4 Ng7 10. Nge2 f5 11. gxf5 gxf5 12. Rg1 fxe4 13. Nxe4 Rxf3 14. N2g3 Rf7 15.
Bxc5 dxc5 16. d6 Bh4 17. Bc4 Be6 18. Bxe6 Nxe6 19. Qg4+ Ng7 20. O-O-O Bxg3 21.
Rxg3 Qd7 22. Qh4 Qf5 23. Qd8+ Rf8 24. Qe7 Qf7 25. Rdg1 Qxe7 26. dxe7 Rc8 27.
Rxg7+ Kh8 1-0

[Event "G7, gruppe 2"]
[Site "Skorping"]
[Date "2017.04.12"]
[Round "2"]
[White "Jorgensen, Palle Halkier"]
[Black "Larsen, Henning"]
[Result "1/2-1/2"]
[WhiteElo "1812"]
[BlackElo "1934"]
[PlyCount "32"]
[EventDate "2017.04.11"]

1. e4 e5 2. Nc3 Nf6 3. Bc4 d6 4. d3 Be7 5. h3 Nbd7 6. f4 exf4 7. Bxf4 Nf8 8.
Nge2 Be6 9. Bb3 Nh5 10. Bh2 c6 11. Ng3 Nxg3 12. Bxg3 Bh4 13. Qf3 Qg5 14. Bxh4
Qxh4+ 15. g3 Qg5 16. Qf4 Qxf4 1/2-1/2

[Event "G7, gruppe 2"]
[Site "Skorping"]
[Date "2017.04.12"]
[Round "2"]
[White "Schoning, Lars"]
[Black "Winther, Bjarke Rosenborg"]
[Result "1-0"]
[WhiteElo "1862"]
[BlackElo "1768"]
[PlyCount "75"]
[EventDate "2017.04.11"]

1. d4 d5 2. c4 c6 3. Nc3 Nf6 4. Bg5 a6 5. e3 Bf5 6. Bxf6 exf6 7. Qb3 b5 8. cxd5
cxd5 9. Qxd5 Qxd5 10. Nxd5 Bd6 11. Be2 Nc6 12. Bf3 Rc8 13. Ne2 Nb4 14. O-O O-O
15. Nxb4 Bxb4 16. a3 Bd6 17. Rac1 b4 18. axb4 Bxb4 19. Nc3 a5 20. Nd5 Bd6 21.
Ra1 Bd3 22. Rfd1 Bc2 23. Rdc1 Bb3 24. g3 a4 25. Nb6 Rxc1+ 26. Rxc1 Rb8 27. Rc6
Bb4 28. Nd7 Rd8 29. Nc5 Bxc5 30. dxc5 Kf8 31. Rd6 Ke7 32. Rxd8 Kxd8 33. Kf1 Kc7
34. Ke1 Bc4 35. Kd2 Bb5 36. Kc3 g5 37. Kb4 Bc6 38. Bd1 1-0

[Event "G7, gruppe 2"]
[Site "Skorping"]
[Date "2017.04.12"]
[Round "2"]
[White "Pedersen, Lars Wisler"]
[Black "Gottschalck, Christian"]
[Result "1-0"]
[WhiteElo "1873"]
[BlackElo "1725"]
[PlyCount "55"]
[EventDate "2017.04.11"]

1. e4 d5 2. exd5 Nf6 3. d4 Nxd5 4. Nf3 Bg4 5. Be2 e6 6. c4 Nf6 7. Nc3 c6 8. O-O
Be7 9. Be3 O-O 10. Ne5 Bxe2 11. Qxe2 Nbd7 12. Rad1 Nb6 13. b3 Qc8 14. Qf3 Nfd7
15. Qg3 Kh8 16. Qh3 Nf6 17. Bg5 Ng8 18. Bxe7 Nxe7 19. Ne4 f6 20. Nd6 Qc7 21.
Nef7+ Kg8 22. Qxe6 Qd7 23. Nh6+ Kh8 24. Ndf7+ Rxf7 25. Nxf7+ Kg8 26. Nh6+ Kh8
27. Qxd7 Nxd7 28. Rfe1 1-0

[Event "G7, gruppe 2"]
[Site "Skorping"]
[Date "2017.04.12"]
[Round "2"]
[White "Rasmussen, Johnny Koust"]
[Black "Falberg, Hugo"]
[Result "0-1"]
[WhiteElo "1867"]
[BlackElo "1848"]
[PlyCount "60"]
[EventDate "2017.04.11"]

1. e4 e5 2. Nf3 Nc6 3. Bc4 Nf6 4. d3 Be7 5. c3 O-O 6. O-O d6 7. h3 Na5 8. Bb5
a6 9. Ba4 b5 10. Bc2 c5 11. d4 cxd4 12. cxd4 Bb7 13. d5 Nc4 14. Nbd2 Nb6 15.
Re1 Nfd7 16. Nf1 f5 17. exf5 Bxd5 18. Ng3 Rc8 19. Be3 Qc7 20. Rc1 Qb7 21. b3 h6
22. Bxb6 Nxb6 23. Qd3 Bf6 24. Ne4 Rc6 25. Nh2 Bxe4 26. Qxe4 d5 27. Qe2 Rfc8 28.
f4 e4 29. Ng4 Bb2 30. Ne5 Rc3 0-1

[Event "G7, gruppe 2"]
[Site "Skorping"]
[Date "2017.04.12"]
[Round "2"]
[White "Johansen, Kjeld"]
[Black "Johansen, Johnny Holler"]
[Result "1/2-1/2"]
[WhiteElo "1757"]
[BlackElo "1880"]
[PlyCount "39"]
[EventDate "2017.04.11"]

1. c4 e5 2. Nc3 f5 3. d3 Nf6 4. g3 Bb4 5. Bd2 Bxc3 6. Bxc3 d6 7. Bg2 Nc6 8. e3
O-O 9. Ne2 Be6 10. b4 Rb8 11. b5 Ne7 12. O-O Qe8 13. a4 Qh5 14. f3 g5 15. Rc1
Qg6 16. Ba1 Nd7 17. d4 e4 18. f4 g4 19. Kf2 d5 20. c5 1/2-1/2

[Event "G7, gruppe 2"]
[Site "Skorping"]
[Date "2017.04.12"]
[Round "2"]
[White "Rasmussen, Henning"]
[Black "Petersen, Frank Gjerning"]
[Result "1/2-1/2"]
[WhiteElo "1784"]
[BlackElo "1797"]
[PlyCount "98"]
[EventDate "2017.04.11"]

1. f4 d5 2. Nf3 Nf6 3. g3 c6 4. Bg2 Nbd7 5. O-O e6 6. b3 Be7 7. Bb2 O-O 8. e3
b6 9. d3 Bb7 10. Qe2 c5 11. Nbd2 Rc8 12. c4 Re8 13. e4 d4 14. h3 Nf8 15. e5 Nh5
16. Qf2 g6 17. Nh2 Bxg2 18. Qxg2 Rc7 19. g4 Ng7 20. Ne4 f5 21. exf6 Bxf6 22.
Nxf6+ Qxf6 23. Rae1 Qd8 24. Bc1 a6 25. Re2 Kh8 26. Rfe1 Qc8 27. Nf3 Kg8 28. Ne5
Qb7 29. Qxb7 Rxb7 30. Ba3 Rc7 31. b4 h6 32. bxc5 bxc5 33. Rb1 Rcc8 34. Bc1 Ra8
35. Reb2 Rec8 36. Rb7 Ne8 37. Kg2 Nd6 38. R7b3 a5 39. a4 Kg7 40. Rb6 Ne8 41.
Rb7+ Kg8 42. Bd2 Nd6 43. R7b6 Ne8 44. Kg3 Kg7 45. Rb7+ Kg8 46. R7b5 Nd6 47. Rb6
Ne8 48. R6b5 Nd6 49. Rb6 Ne8 1/2-1/2

[Event "G7, gruppe 2"]
[Site "Skorping"]
[Date "2017.04.13"]
[Round "3"]
[White "Falberg, Hugo"]
[Black "Jorgensen, Palle Halkier"]
[Result "1-0"]
[WhiteElo "1848"]
[BlackElo "1812"]
[PlyCount "43"]
[EventDate "2017.04.11"]

1. f4 d5 2. Nf3 Nf6 3. e3 c5 4. Be2 Nc6 5. d3 e6 6. O-O Bd6 7. Qe1 O-O 8. Nc3
Re8 9. e4 dxe4 10. dxe4 Bf8 11. Be3 a6 12. Rd1 Qc7 13. Qh4 Be7 14. Qh3 Rd8 15.
g4 Nd7 16. e5 b6 17. a3 Bb7 18. Bd3 Nf8 19. Qg3 Nd4 20. Bxd4 Bxf3 21. Qxf3 Rxd4
22. Qxa8 1-0

[Event "G7, gruppe 2"]
[Site "Skorping"]
[Date "2017.04.13"]
[Round "3"]
[White "Larsen, Henning"]
[Black "Pedersen, Lars Wisler"]
[Result "1/2-1/2"]
[WhiteElo "1934"]
[BlackElo "1873"]
[PlyCount "51"]
[EventDate "2017.04.11"]

1. e4 c5 2. Nf3 Nc6 3. d4 cxd4 4. Nxd4 e5 5. Nb5 a6 6. Nd6+ Bxd6 7. Qxd6 Qf6 8.
Qa3 Qg6 9. Be3 Qxe4 10. Nc3 Qb4 11. Qxb4 Nxb4 12. O-O-O Ne7 13. Bc5 Nbc6 14.
Ne4 d5 15. Nd6+ Kf8 16. Nxc8 Rxc8 17. Rxd5 Rd8 18. Rxd8+ Nxd8 19. Bc4 Ke8 20.
Rd1 h5 21. Bb6 Ndc6 22. b4 Nc8 23. Bc7 Ke7 24. b5 axb5 25. Bxb5 N8a7 26. Bd6+
1/2-1/2

[Event "G7, gruppe 2"]
[Site "Skorping"]
[Date "2017.04.13"]
[Round "3"]
[White "Moller, Birger Poul"]
[Black "Johansen, Kjeld"]
[Result "1-0"]
[WhiteElo "1835"]
[BlackElo "1757"]
[PlyCount "71"]
[EventDate "2017.04.11"]

1. e4 c5 2. Nf3 Nc6 3. Nc3 g6 4. d4 cxd4 5. Nxd4 Bg7 6. Be3 d6 7. Be2 Nf6 8.
O-O O-O 9. Nb3 a6 10. f4 b5 11. Bf3 Bb7 12. a3 Rc8 13. Qe2 Qc7 14. Qf2 e6 15.
Rad1 Ne8 16. Rd2 f5 17. Rfd1 fxe4 18. Nxe4 d5 19. Nec5 Qf7 20. Nxe6 Ne7 21.
Nxf8 Bxf8 22. Nd4 Nf6 23. c3 Rc4 24. Qh4 Nc8 25. f5 Nd6 26. Bg5 Nxf5 27. Qh3
Nxd4 28. cxd4 Ne4 29. Bxe4 dxe4 30. Rf2 Qd5 31. Be3 b4 32. Rdf1 Bg7 33. Rf7 Bc8
34. Rxg7+ Kxg7 35. Qh6+ Kh8 36. Rf8+ 1-0

[Event "G7, gruppe 2"]
[Site "Skorping"]
[Date "2017.04.13"]
[Round "3"]
[White "Johansen, Johnny Holler"]
[Black "Rasmussen, Henning"]
[Result "1/2-1/2"]
[WhiteElo "1880"]
[BlackElo "1784"]
[PlyCount "106"]
[EventDate "2017.04.11"]

1. Nf3 Nf6 2. c4 c5 3. Nc3 Nc6 4. g3 g6 5. Bg2 Bg7 6. O-O O-O 7. d3 d6 8. Rb1
Rb8 9. Bd2 b6 10. a3 Bb7 11. b4 Nd7 12. Ne4 Nd4 13. Nxd4 Bxd4 14. Bg5 f5 15.
Nd2 Bxg2 16. Kxg2 Bg7 17. Nf3 h6 18. Bc1 e5 19. Kg1 Rf7 20. Bb2 Nf8 21. Ne1 f4
22. Nf3 Ne6 23. Nd2 fxg3 24. hxg3 Qe7 25. Ne4 Rbf8 26. Bc3 h5 27. Qc1 h4 28.
Qb2 hxg3 29. fxg3 Rxf1+ 30. Rxf1 Rxf1+ 31. Kxf1 Ng5 32. Nxg5 Qxg5 33. Kg2 Qf5
34. bxc5 dxc5 35. Qc1 Qh5 36. Qf1 Qg5 37. Qe1 Qe7 38. Qd2 Qb7+ 39. e4 Qe7 40.
Qe3 Qf6 41. Qf2 Qd8 42. Qf3 Qd7 43. Qd1 Qd8 44. a4 a5 45. Qc2 Qd6 46. Qb1 Qd8
47. Kf3 Qf6+ 48. Ke2 Qe6 49. Qb5 Qg4+ 50. Kf2 Qe6 51. Bd2 Kh7 52. Qb1 Qd7 53.
Ke2 Qg4+ 1/2-1/2

[Event "G7, gruppe 2"]
[Site "Skorping"]
[Date "2017.04.13"]
[Round "3"]
[White "Winther, Bjarke Rosenborg"]
[Black "Rasmussen, Johnny Koust"]
[Result "1/2-1/2"]
[WhiteElo "1768"]
[BlackElo "1867"]
[PlyCount "59"]
[EventDate "2017.04.11"]

1. e4 e5 2. Nf3 Nc6 3. Bc4 Bc5 4. c3 Nf6 5. d3 d6 6. O-O O-O 7. Bb3 h6 8. Nbd2
Bg4 9. h3 Bh5 10. Re1 a6 11. Nf1 Ba7 12. Ng3 Bg6 13. Be3 Re8 14. Nh4 Bh7 15.
Nhf5 Ne7 16. Qf3 Bxf5 17. Nxf5 Nxf5 18. Qxf5 Bxe3 19. Rxe3 Qd7 20. Qf3 Nh7 21.
Rae1 Ng5 22. Qh5 Kf8 23. h4 Nh7 24. Rg3 Nf6 25. Qf3 a5 26. a4 b6 27. Qd1 Re7
28. Ree3 Rb8 29. Ref3 Nh5 30. Rh3 1/2-1/2

[Event "G7, gruppe 2"]
[Site "Skorping"]
[Date "2017.04.13"]
[Round "3"]
[White "Petersen, Frank Gjerning"]
[Black "Gottschalck, Christian"]
[Result "1-0"]
[WhiteElo "1797"]
[BlackElo "1725"]
[PlyCount "77"]
[EventDate "2017.04.11"]

1. e4 c5 2. Nc3 Nc6 3. f4 e6 4. Nf3 d5 5. Bb5 a6 6. Bxc6+ bxc6 7. d3 d4 8. Ne2
Nf6 9. h3 Be7 10. O-O O-O 11. Ne5 Qb6 12. Kh1 Nd7 13. Nc4 Qc7 14. Bd2 Qb7 15.
Ng3 Nb6 16. Na5 Qc7 17. b3 Bd7 18. Qe1 Bh4 19. Rf3 f5 20. e5 Be8 21. Qg1 Rd8
22. Ne2 Be7 23. Raf1 Bh5 24. g4 fxg4 25. hxg4 Bf7 26. Qh2 Be8 27. Ng3 Nd5 28.
Nc4 Qa7 29. Ne4 Bg6 30. f5 exf5 31. gxf5 Be8 32. f6 gxf6 33. Rg1+ Bg6 34. Bh6
Rfe8 35. exf6 Nxf6 36. Nxf6+ Bxf6 37. Rxf6 Rd5 38. Rfxg6+ hxg6 39. Rxg6+ 1-0

[Event "G7, gruppe 2"]
[Site "Skorping"]
[Date "2017.04.14"]
[Round "4"]
[White "Poulsen, Peter Risgaard"]
[Black "Falberg, Hugo"]
[Result "1-0"]
[WhiteElo "1920"]
[BlackElo "1848"]
[PlyCount "39"]
[EventDate "2017.04.11"]

1. d4 f5 2. Bg5 h6 3. Bh4 g5 4. e3 Nf6 5. Be2 Bg7 6. Bg3 c5 7. c3 Qb6 8. Qc2 d6
9. Nd2 Be6 10. Ngf3 Nc6 11. dxc5 Qxc5 12. O-O O-O 13. Nb3 Qb6 14. Nbd4 Bd7 15.
Nxf5 Bxf5 16. Qxf5 Qxb2 17. Bc4+ Kh8 18. Nxg5 d5 19. Bxd5 Nxd5 20. Qh7# {Nf6}
1-0

[Event "G7, gruppe 2"]
[Site "Skorping"]
[Date "2017.04.14"]
[Round "4"]
[White "Pedersen, Lars Wisler"]
[Black "Schoning, Lars"]
[Result "1/2-1/2"]
[WhiteElo "1873"]
[BlackElo "1862"]
[PlyCount "61"]
[EventDate "2017.04.11"]

1. e4 c5 2. Nf3 d6 3. d4 cxd4 4. Nxd4 Nf6 5. Nc3 a6 6. a4 e5 7. Nb3 Be6 8. Bg5
Be7 9. Bxf6 Bxf6 10. Nd5 Bxd5 11. Qxd5 Qc7 12. Bc4 Nc6 13. c3 O-O 14. Rd1 Ne7
15. Qd3 Rac8 16. Bd5 Nxd5 17. Qxd5 Qc4 18. a5 Be7 19. Qxc4 Rxc4 20. f3 f5 21.
exf5 Rxf5 22. Rd5 Kf7 23. Ke2 Ke6 24. Rhd1 h5 25. R1d3 e4 26. R3d4 exf3+ 27.
gxf3 Rxd5 28. Rxc4 Bf6 29. Rb4 Re5+ 30. Kd3 Rf5 31. Ke4 1/2-1/2

[Event "G7, gruppe 2"]
[Site "Skorping"]
[Date "2017.04.14"]
[Round "4"]
[White "Jorgensen, Palle Halkier"]
[Black "Moller, Birger Poul"]
[Result "1/2-1/2"]
[WhiteElo "1812"]
[BlackElo "1835"]
[PlyCount "86"]
[EventDate "2017.04.11"]

1. e4 e5 2. Nc3 Nf6 3. Bc4 Bc5 4. d3 d6 5. Na4 Bb6 6. Nxb6 axb6 7. Ne2 Be6 8.
Nc3 c6 9. Bxe6 fxe6 10. O-O b5 11. f4 Nbd7 12. Qe1 O-O 13. Ne2 Qb6+ 14. Qf2
Qxf2+ 15. Rxf2 d5 16. fxe5 Nxe5 17. exd5 exd5 18. h3 Nfd7 19. Rxf8+ Kxf8 20.
Bd2 Ke7 21. Nd4 g6 22. a3 b4 23. Nb3 bxa3 24. Bb4+ Ke8 25. Bxa3 b6 26. Re1 Kd8
27. Nd4 c5 28. Nb5 d4 29. Nd6 Kc7 30. Ne4 Kc6 31. Kf1 Kd5 32. Ra1 b5 33. b3 c4
34. bxc4+ bxc4 35. Ke2 c3 36. Kd1 Nc6 37. Kc1 Nb4 38. Kb1 Ra4 39. Bxb4 Rxb4+
40. Kc1 Rb7 41. Ra5+ Kc6 42. Ra4 Kd5 43. Ra5+ Kc6 1/2-1/2

[Event "G7, gruppe 2"]
[Site "Skorping"]
[Date "2017.04.14"]
[Round "4"]
[White "Petersen, Frank Gjerning"]
[Black "Larsen, Henning"]
[Result "1-0"]
[WhiteElo "1797"]
[BlackElo "1934"]
[PlyCount "66"]
[EventDate "2017.04.11"]

1. e4 c5 2. Be2 Nc6 3. d3 d6 4. f4 e6 5. Nf3 Be7 6. c3 Nf6 7. O-O O-O 8. Qe1
Bd7 9. Nbd2 Qc7 10. Ng5 h6 11. Nh3 Nh7 12. f5 exf5 13. Nf4 Nf6 14. Nf3 fxe4 15.
dxe4 Ne5 16. Nh4 Qd8 17. Nf5 Bxf5 18. exf5 d5 19. Qg3 Ne4 20. Qe1 Nf6 21. Kh1
d4 22. Bd1 Qc7 23. cxd4 cxd4 24. Bd2 Rac8 25. Bb3 Qd6 26. Rd1 Rfd8 27. Ng6 Nxg6
28. fxg6 Kh8 29. Bxf7 Bf8 30. Qh4 Rc5 31. Bf4 Rh5 32. Qg3 Ne4 33. Qf3 Qd5 1-0

[Event "G7, gruppe 2"]
[Site "Skorping"]
[Date "2017.04.14"]
[Round "4"]
[White "Rasmussen, Johnny Koust"]
[Black "Johansen, Johnny Holler"]
[Result "0-1"]
[WhiteElo "1867"]
[BlackElo "1880"]
[PlyCount "120"]
[EventDate "2017.04.11"]

1. e4 c5 2. Nc3 Nc6 3. g3 g6 4. Bg2 Bg7 5. f4 e6 6. Nf3 d6 7. O-O Nge7 8. d3
O-O 9. Be3 b6 10. Rb1 f5 11. Bf2 Rb8 12. Re1 e5 13. Ne2 fxe4 14. dxe4 h6 15. c3
Be6 16. b3 Qc7 17. Qc1 Rf7 18. Be3 Kh7 19. h3 Rbf8 20. Rf1 Bc8 21. c4 Nd4 22.
Nexd4 exd4 23. Bd2 Bb7 24. Qc2 Qd7 25. Rbe1 b5 26. Rf2 bxc4 27. Qxc4 Qc8 28.
Bf1 d5 29. exd5 Bxd5 30. Qc2 Qc6 31. Ne5 Bxe5 32. Rxe5 Nf5 33. Kh2 Qd6 34. Bc4
Bxc4 35. Qxc4 Rc7 36. Qe6 Qxe6 37. Rxe6 c4 38. Ba5 Rcc8 39. bxc4 Rxc4 40. a3
Rf7 41. Rd2 Ne3 42. Rb2 Rd7 43. Bb4 Nc2 44. Re2 d3 45. Rf2 Rxb4 46. axb4 d2 47.
Rxd2 Rxd2+ 48. Kg1 Rd1+ 49. Kf2 Nd4 50. Ra2 Nb5 51. Ra5 Rd5 52. Ke3 Kg7 53. h4
h5 54. Kf2 Kf6 55. Kg2 Kf5 56. Ra2 Kg4 57. Ra5 Nc3 58. Rxa7 Rd2+ 59. Kf1 Kxg3
60. Ra1 Rh2 0-1

[Event "G7, gruppe 2"]
[Site "Skorping"]
[Date "2017.04.14"]
[Round "4"]
[White "Johansen, Kjeld"]
[Black "Winther, Bjarke Rosenborg"]
[Result "0-1"]
[WhiteElo "1757"]
[BlackElo "1768"]
[PlyCount "64"]
[EventDate "2017.04.11"]

1. c4 c5 2. Nc3 Nf6 3. g3 d6 4. Bg2 g6 5. e3 Bg7 6. Nge2 Nbd7 7. b3 a6 8. O-O
O-O 9. Bb2 Rb8 10. d4 cxd4 11. exd4 e6 12. Qd3 Qc7 13. Rac1 b6 14. Nd1 Rd8 15.
Ne3 Bb7 16. d5 e5 17. b4 Re8 18. Nc3 Rbc8 19. a4 Qd8 20. f3 Re7 21. Bh3 Ra8 22.
Ne4 Nxe4 23. fxe4 Nf6 24. Rf2 Bc8 25. Bg2 Ng4 26. Nxg4 Bxg4 27. c5 bxc5 28.
bxc5 dxc5 29. Rxc5 Rc7 30. Rxc7 Qxc7 31. Rc2 Qb6+ 32. Kh1 Bd7 0-1

[Event "G7, gruppe 2"]
[Site "Skorping"]
[Date "2017.04.14"]
[Round "4"]
[White "Gottschalck, Christian"]
[Black "Rasmussen, Henning"]
[Result "1/2-1/2"]
[WhiteElo "1725"]
[BlackElo "1784"]
[PlyCount "77"]
[EventDate "2017.04.11"]

1. e4 e6 2. d4 d5 3. Nc3 Nf6 4. Bg5 dxe4 5. Nxe4 Be7 6. Bxf6 Bxf6 7. Nf3 Be7 8.
c3 b6 9. Bd3 c6 10. Qe2 Nd7 11. O-O O-O 12. Rad1 Bb7 13. Bb1 Qc7 14. Rfe1 c5
15. Neg5 Bxg5 16. Nxg5 Nf6 17. Qe3 h6 18. Ne4 Nxe4 19. Bxe4 Bxe4 20. Qxe4 cxd4
21. Rxd4 Rad8 22. Red1 Rxd4 23. Qxd4 Rc8 24. h3 Kf8 25. Qd7 Kg8 26. Qxc7 Rxc7
27. Kf1 Kf8 28. Rd8+ Ke7 29. Ra8 e5 30. f3 f5 31. g3 Rd7 32. Ke2 Kf7 33. b3 Ke6
34. c4 Kf7 35. h4 g6 36. Rh8 Kg7 37. Re8 Kf6 38. Rh8 Kg7 39. Re8 1/2-1/2

[Event "G7, gruppe 2"]
[Site "Skorping"]
[Date "2017.04.15"]
[Round "5"]
[White "Pedersen, Lars Wisler"]
[Black "Poulsen, Peter Risgaard"]
[Result "0-1"]
[WhiteElo "1873"]
[BlackElo "1920"]
[PlyCount "90"]
[EventDate "2017.04.11"]

1. e4 d6 2. d4 Nf6 3. Nc3 Nbd7 4. Nf3 e5 5. dxe5 dxe5 6. Bc4 h6 7. O-O c6 8.
Be3 Qc7 9. Bb3 Be7 10. Qd2 Nf8 11. Ne1 g5 12. f3 Ng6 13. Nd3 Nh5 14. Qf2 Nhf4
15. Nxf4 gxf4 16. Bc5 Bh4 17. Qd2 Rg8 18. Rad1 Be7 19. Bxe7 Kxe7 20. Qf2 Qb6
21. Qxb6 axb6 22. Na4 Nh4 23. Nxb6 Rxg2+ 24. Kh1 Rb8 25. Nxc8+ Rxc8 26. Rg1
Rcg8 27. Bc4 Rxg1+ 28. Rxg1 Rxg1+ 29. Kxg1 Nxf3+ 30. Kg2 Ne1+ 31. Kh3 Nxc2 32.
Kh4 Ne3 33. Be2 f5 34. exf5 Nxf5+ 35. Kg4 Ng7 36. Bd3 Kd6 37. Be4 Kc5 38. Kf3
Kd4 39. a4 Ne6 40. h4 Nc5 41. Bc2 Nd3 42. Kg4 f3 43. Bxd3 Kxd3 44. Kxf3 e4+ 45.
Kf2 Kd2 0-1

[Event "G7, gruppe 2"]
[Site "Skorping"]
[Date "2017.04.15"]
[Round "5"]
[White "Schoning, Lars"]
[Black "Petersen, Frank Gjerning"]
[Result "0-1"]
[WhiteElo "1862"]
[BlackElo "1797"]
[PlyCount "40"]
[EventDate "2017.04.11"]

1. d4 f5 2. e4 fxe4 3. Nc3 Nf6 4. Bg5 Nc6 5. d5 Ne5 6. Qd4 Nf7 7. Bxf6 exf6 8.
Nxe4 d6 9. Ne2 f5 10. N4g3 g6 11. O-O-O Bh6+ 12. f4 O-O 13. h4 Bg7 14. Qd3 Qf6
15. c3 c6 16. h5 g5 17. Nd4 gxf4 18. Ngxf5 Ne5 19. Qe4 Bxf5 20. Qxf4 Bh6 0-1

[Event "G7, gruppe 2"]
[Site "Skorping"]
[Date "2017.04.15"]
[Round "5"]
[White "Moller, Birger Poul"]
[Black "Falberg, Hugo"]
[Result "1-0"]
[WhiteElo "1835"]
[BlackElo "1848"]
[PlyCount "33"]
[EventDate "2017.04.11"]

1. e4 e5 2. Nf3 Nc6 3. Nc3 Nf6 4. Bb5 Bb4 5. O-O d6 6. d4 O-O 7. Bg5 Bxc3 8.
bxc3 h6 9. Bh4 Qe7 10. d5 Na5 11. h3 g5 12. Nxg5 hxg5 13. Bxg5 Kg7 14. f4 Kg6
15. Qf3 Bd7 16. fxe5 Bxb5 17. Qf5+ {Bd7} 1-0

[Event "G7, gruppe 2"]
[Site "Skorping"]
[Date "2017.04.15"]
[Round "5"]
[White "Winther, Bjarke Rosenborg"]
[Black "Jorgensen, Palle Halkier"]
[Result "1-0"]
[WhiteElo "1768"]
[BlackElo "1812"]
[PlyCount "193"]
[EventDate "2017.04.11"]

1. e4 c5 2. Nf3 d6 3. d4 cxd4 4. Nxd4 Nf6 5. Nc3 a6 6. Bc4 Bd7 7. a4 Nc6 8. O-O
g6 9. Nf3 Bg7 10. Re1 O-O 11. Bg5 h6 12. Bf4 Ng4 13. Qd2 Kh7 14. Ra3 Nge5 15.
Nxe5 Nxe5 16. Bd5 Bc6 17. Qe2 Rc8 18. Nd1 e6 19. Ba2 b5 20. Rh3 Rh8 21. Qd2 Qf8
22. axb5 Bxb5 23. Nc3 Bc4 24. b3 Bb5 25. Nxb5 axb5 26. Rd1 Rc6 27. Bb1 Kg8 28.
Qb4 Qb8 29. c4 Kh7 30. cxb5 Rb6 31. Qd2 h5 32. Bd3 Nxd3 33. Qxd3 Rxb5 34. Qxd6
Qxd6 35. Rxd6 Ra8 36. Rd1 Ra2 37. g4 Bh6 38. Bxh6 Kxh6 39. gxh5 gxh5 40. Rd7
Kg6 41. Rg3+ Kf6 42. Rf3+ Ke5 43. Rdxf7 Kxe4 44. R7f4+ Ke5 45. Rh4 Kd6 46. Rc4
Rb2 47. Rcc3 Rb4 48. Kg2 e5 49. Rf5 h4 50. Kh3 Ke6 51. Rff3 e4 52. Rf4 Ke5 53.
Kg4 Rb1 54. Rc5+ Kd6 55. Rcf5 R1xb3 56. Kxh4 Rb1 57. Kg5 Ke6 58. h4 Rg1+ 59.
Kh6 Rb8 60. Rg5 Re1 61. Kh7 Rb7+ 62. Rg7 Rb5 63. Kg8 Rb8+ 64. Kh7 Ke5 65. Rfg4
Rh1 66. Re7+ Kf5 67. Rexe4 Rb7+ 68. Kh6 Rb6+ 69. Kh5 Rb8 70. Ref4+ Ke5 71. Kg6
Rg8+ 72. Kh7 Ra8 73. Rf7 Ke6 74. Kg7 Rh2 75. f4 Raa2 76. f5+ Ke5 77. f6 Kf5 78.
Rg5+ Ke6 79. Re7+ Kd6 80. h5 Raf2 81. h6 Rxh6 82. Rf7 Rhh2 83. Rf8 Rh3 84. Rg6
Rhf3 85. Re8 Kd7 86. Ra8 Rf5 87. Ra7+ Ke8 88. Rh6 Rg5+ 89. Rg6 Rgf5 90. Ra8+
Kd7 91. Kf7 R2f3 92. Ra6 R5f4 93. Kf8 Rc4 94. Rg7+ Kd8 95. Re7 Rff4 96. f7 Rc8
97. Rd6# 1-0